The Macmillan dictionary of measurement / (Record no. 543481)
[ view plain ]
| 000 -LEADER | |
|---|---|
| fixed length control field | 00575pam a2200169 a 4500 |
| 020 ## - INTERNATIONAL STANDARD BOOK NUMBER | |
| International Standard Book Number | 0025257501 |
| 082 00 - DEWEY DECIMAL CLASSIFICATION NUMBER | |
| Classification number | 389.1/03 |
| Author Mark | DAR |
| -- | L-39, P-3 |
| 100 1# - MAIN ENTRY--PERSONAL NAME | |
| Personal name | Darton, Michael. |
| 9 (RLIN) | 38855 |
| 245 14 - TITLE STATEMENT | |
| Title | The Macmillan dictionary of measurement / |
| Statement of responsibility, etc. | Mike Darton and John Clark. |
| 260 ## - PUBLICATION, DISTRIBUTION, ETC. | |
| Place of publication, distribution, etc. | New York : |
| Name of publisher, distributor, etc. | Macmillan : |
| -- | Maxwell Macmillan International, |
| Date of publication, distribution, etc. | c1994. |
| 300 ## - PHYSICAL DESCRIPTION | |
| Extent | vi, 538 p. : |
| Other physical details | ill. ; |
| Dimensions | 25 cm. |
| 500 ## - GENERAL NOTE | |
| General note | Includes index. |
| 526 ## - STUDY PROGRAM INFORMATION NOTE | |
| Program name | 0 |
| Interest level | 0 |
| Reading level | 0 |
| Title point value | 389_103000000000000_DAR |
| 650 #0 - SUBJECT ADDED ENTRY--TOPICAL TERM | |
| Topical term or geographic name entry element | MCE |
| General subdivision | Dictionaries. |
| 9 (RLIN) | 38856 |
| 700 1# - ADDED ENTRY--PERSONAL NAME | |
| Personal name | Clark, John Owen Edward. |
| 9 (RLIN) | 38857 |
| 942 ## - ADDED ENTRY ELEMENTS (KOHA) | |
| Source of classification or shelving scheme | |
| Koha item type | Book |
| Withdrawn status | Lost status | Source of classification or shelving scheme | Damaged status | Not for loan | Permanent Location | Current Location | Date acquired | Total Checkouts | Full call number | Barcode | Date last seen | Price effective from | Koha item type |
|---|---|---|---|---|---|---|---|---|---|---|---|---|---|
| Military College of Engineering (MCE) | Military College of Engineering (MCE) | 03/25/2014 | 389.1/03 DAR | MCE-40450 | 03/25/2014 | 03/25/2014 | Book |
